La revolución cibernética /

Este libro presenta un examen crítico, histórico y científico de los principales aspectos de esa transformación operada por las computadoras y la automatización en la vida moderna. En estas páginas es posible leer también todo lo el aprovechamiento de la cibernética en los campos de la economía, la...

Fuld beskrivelse

Guardado en:
Bibliografiske detaljer
Hovedforfatter: Rose, J. (autor)
Format: Bog
Sprog:spansk
Udgivet: México : Fondo de Cultura Económica, 1978
Fag:
Tags: Tilføj Tag
Ingen Tags, Vær først til at tagge denne postø!

MARC

LEADER 00000nam^a2200000^a^4500
001 000000104
005 20250521000000.0
009 20260310083015.708
037 |a Acervo ITESO - Biblioteca 
041 |a ESP 
082 |a 121. 95  |b ROS 
100 |a Rose, J.  |e (autor) 
245 1 3 |a La revolución cibernética /  |c J. Rose ; tr. por Sergio Fernández Everest. 
264 1 |a México :  |b Fondo de Cultura Económica,  |c 1978 
300 |a 280 p. 
336 |a texto  |b txt  |2 rdacontenido 
337 |a sin mediación  |b n  |2 rdamedio 
338 |a volumen  |b nc  |2 rdasoporte 
500 |a Traducción de: The Cybernetic Revolution 
520 |a Este libro presenta un examen crítico, histórico y científico de los principales aspectos de esa transformación operada por las computadoras y la automatización en la vida moderna. En estas páginas es posible leer también todo lo el aprovechamiento de la cibernética en los campos de la economía, la producción, educación, etc., así como del futuro de la computación, sus posibles riquezas e incluso sus peligros y dificultades. 
649 |a XX 
650 |a Cibernética 
650 |a Ingeniería Computacional 
650 |a Tecnología y Sociedad 
650 |a Sociología 
910 |a Fondo General 
920 |a Impresos - Libros 
930 |a Colección General 
905 |a 101 
901 |a 0001040100  |b IT1  |c ACC  |i 000104  |u 20250521 
902 |a https://opac.biblio.iteso.mx/vufind/Record/000000104